Sena

Uloženo v:
Podrobná bibliografie
Hlavní autor: Hibbert, Fernand (Autor)
Médium: Kniha
Jazyk:španělština
Vydáno: Buenos Aires W. M. Jackson 1945
Edice:Colección Panamericana, 18
Témata:
Tagy: Přidat tag
Žádné tagy, Buďte první, kdo vytvoří štítek k tomuto záznamu!

MARC

LEADER 00000nam a2200000 a 4500
001 UCZ7265
003 CL-VaPUC
008 951228e19450000AG |||||||||||||||||spa|d
082 0 4 |a Ha863  |b HIB  |2 21 
100 0 |a Hibbert, Fernand  |e author  |9 352051 
245 1 0 |a Sena 
300 |a 320 p 
942 |c BK 
945 |d 19951228 00:00:00  |a rleighto 
260 |a Buenos Aires  |b W. M. Jackson  |c 1945 
650 7 |a NOVELAS HAITIANAS  |2 CL-VaPUC  |9 352052 
583 |a last modification  |c 19951228 00:00:00  |k Rodrigo Vera 
490 0 |a Colección Panamericana, 18 
999 |c 243365  |d 243363 
952 |0 0  |1 0  |4 0  |6 HA_863_000000000000000_HIB_1945  |7 0  |8 A  |9 256964  |a BIBEDU  |b BIBEDU  |d 2019-11-19  |i 316568K  |o Ha863 HIB 1945  |p 316568K  |r 2019-11-19  |w 2019-11-19  |y BK  |k LIT